| 000 | 00436nam a2200145Ia 4500 | ||
|---|---|---|---|
| 008 | 220217s9999 xx 000 0 und d | ||
| 245 | 0 | _aRubber and plastics-Polymer dispersions and rubber 11lattices- Determination of pH. (Third Edition). | |
| 260 | _c1996 | ||
| 500 | _aStandard number: ISO 976 | ||
| 650 | _a pH determination | ||
| 650 | _a Plastics | ||
| 650 | _a Polymer dispersions | ||
| 650 | _a Rubber 1lattice | ||
| 942 | _cST | ||
| 999 |
_c74202 _d74202 |
||